Genre and Structure Quiz Stats

 Plays Quiz not verified by Sporcle

Challenge
Share
Tweet
Score 0/14 Timer 06:00
0 Plays Today
% Correct
nonfiction that an author writes about his or her own life
86.7%
song that tells a story, usually with a tragic ending
86.7%
long short story
86.7%
nonfiction written about a person's life
80%
short work of fiction
80%
play which ends in sorrow for the hero or heroine
80%
play written to entertain and amuse
73.3%
% Correct
long poem that tells a heroic story
73.3%
composition about a certain topic
73.3%
section of a poem containing a number of verses
73.3%
two rhyming lines that appear one after the other
66.7%
book-length work of narrative fiction
66.7%
writing in verse that may be rhymed or may have a certain number of syllables per line
60%
poem of fourteen lines usually in iambic pantameter
53.3%

You're not logged in!

Compare scores with friends on all Sporcle quizzes.
Join for Free
OR
Log In

You Might Also Like...

Show Comments

Extras

Created May 16, 2014ReportNominate
Tags:Clickable Quiz, genre, structure

Top Quizzes Today


Score Distribution

Your Account Isn't Verified!

In order to create a playlist on Sporcle, you need to verify the email address you used during registration. Go to your Sporcle Settings to finish the process.

Report this User

Report this user for behavior that violates our Community Guidelines.

Details: